Centrum chorvátskej kultúry, Jarovce
Salvato in:
| Autore principale: | |
|---|---|
| Altri autori: | |
| Natura: | Manoscritto Libro |
| Lingua: | slovacco |
| Pubblicazione: |
2025
|
| Soggetti: | |
| Accesso online: | http://is.stuba.sk/zp/portal_zp.pl?podrobnosti=168198 |
| Tags: |
Nessun Tag, puoi essere il primo ad aggiungerne!!
|
MARC
| LEADER | 00000ntm a22000003a 4500 | ||
|---|---|---|---|
| 001 | stuzp104538 | ||
| 003 | SK-STU | ||
| 005 | 20250614213103.2 | ||
| 007 | ta | ||
| 008 | 150427s2015----xo-----f-mn---000-0-slo-d | ||
| 040 | |a STU |b slo | ||
| 041 | 0 | |a slo | |
| 100 | 1 | |a Doková, Nina |u 053130 |4 aut |U FAD Fakulta architektúry a dizajnu |T FAD Ústav dejín a teórie architektúry a obnovy pamiatok |X 115533 |U A3130 |Y 394 |7 115533 | |
| 242 | 0 | 1 | |a Center of Croatian Culture, Jarovce |y eng |
| 245 | 1 | 0 | |a Centrum chorvátskej kultúry, Jarovce |
| 260 | |c 2025 | ||
| 650 | 4 | |a STEICO system |2 eng | |
| 650 | 4 | |a CLT panels |2 eng | |
| 650 | 4 | |a steel accent |2 eng | |
| 650 | 4 | |a public space |2 eng | |
| 650 | 4 | |a urbanism |2 eng | |
| 650 | 4 | |a tragedy |2 eng | |
| 650 | 4 | |a symbolism |2 eng | |
| 650 | 4 | |a Center of Croatian Culture |2 eng | |
| 650 | 4 | |a ratio of greenery to paved surfaces |2 eng | |
| 650 | 4 | |a Centrum chorvátskej kultúry |2 slo | |
| 650 | 4 | |a oceľový akcent |2 slo | |
| 650 | 4 | |a pomer zelene a spevnených plôch |2 slo | |
| 650 | 4 | |a tragédia |2 slo | |
| 650 | 4 | |a STEICO systém |2 slo | |
| 650 | 4 | |a urbanizmus |2 slo | |
| 650 | 4 | |a CLT panely |2 slo | |
| 650 | 4 | |a verejný priestor |2 slo | |
| 650 | 4 | |a symbolika |2 slo | |
| 700 | 1 | |a Polomová, Beata |u 053130 |k Z8 |4 ths |U FAD Fakulta architektúry a dizajnu |T FAD Ústav dejín a teórie architektúry a obnovy pamiatok |X 4781 |U A3130 |Y 394 |7 A000004781 | |
| 856 | 4 | |u http://is.stuba.sk/zp/portal_zp.pl?podrobnosti=168198 | |